Ciencia y contexto histórico nacional en las expediciones ilustradas de América / (Record no. 6491)

MARC details
000 -LEADER
campo de control de longitud fija 00950nam a2200229 i 4500
001 - NÚMERO DE CONTROL
campo de control 6491
003 - IDENTIFICADOR DE NÚMERO DE CONTROL
campo de control ES-MaACL
005 - FECHA Y HORA DE LA ÚLTIMA TRANSACCIÓN
campo de control 20230906144947.0
007 - CAMPO FIJO DE DESCRIPCIÓN FÍSICA--INFORMACIÓN GENERAL
campo de control de longitud fija t|
008 - DATOS DE LONGITUD FIJA--INFORMACIÓN GENERAL
campo de control de longitud fija 891124s1988 sp ||||1| spa d
080 ## - NÚMERO DE LA CLASIFICACIÓN DECIMAL UNIVERSAL
Número de la Clasificación Decimal Universal 91.04(7/8)"17"
245 00 - MENCIÓN DEL TÍTULO
Título Ciencia y contexto histórico nacional en las expediciones ilustradas de América /
Mención de responsabilidad, etc. coordinado por Fermín del Pino Díaz.
260 ## - PUBLICACIÓN, DISTRIBUCIÓN, ETC.
Lugar de publicación, distribución, etc. [Madrid] :
Nombre del editor, distribuidor, etc. Departamento de Historia de America Fernandez de Oviedo, Centro de Estudios Historicos,
Fecha de publicación, distribución, etc. [1988]
300 ## - DESCRIPCIÓN FÍSICA
Extensión 342, [3] p. ;
Dimensiones 24 cm.
594 ## - Nota al título y mención de responsabilidad
Nota al título y mención de responsabilidad Tít. del lomo: Expediciones ilustradas a América.
595 ## -
-- Separata de: Revista de Indias, 1987, n. 180
650 #4 - PUNTO DE ACCESO ADICIONAL DE MATERIA--TÉRMINO DE MATERIA
Término de materia o nombre geográfico como elemento de entrada Expediciones científicas-
Subdivisión geográfica Pacífico-
Subdivisión cronológica S.XVIII.
9 (RLIN) 12690
651 #4 - PUNTO DE ACCESO ADICIONAL DE MATERIA--NOMBRE GEOGRÁFICO
Nombre geográfico Pacífico-
Subdivisión general Descubrimientos y exploraciones-
Subdivisión cronológica S.XVIII.
9 (RLIN) 9145
700 1# - ENTRADA AGREGADA--NOMBRE PERSONAL
Nombre de persona Pino Díaz, Fermín del.
9 (RLIN) 92177
710 2# - ENTRADA AGREGADA--NOMBRE DE ENTIDAD CORPORATIVA
Nombre de entidad corporativa o nombre de jurisdicción como elemento de entrada Centro de Estudios Históricos (1985-1999)
9 (RLIN) 2639
852 4# - LOCALIZACIÓN
Ubicación ES-MaACL
Número de control de estantería L-13616
Holdings
Estatus retirado Estado de pérdida Estado de daño No para préstamo Biblioteca de origen Biblioteca actual Ubicación en estantería Fecha de adquisición Fuente de adquisición Total de préstamos Signatura topográfica completa Código de barras Visto por última vez Precio de reemplazo Tipo de ítem Koha
        Biblioteca del Ateneo de Madrid Biblioteca del Ateneo de Madrid Depósito 2 17/01/2008     L-13616 1006611 23/02/2023 23/02/2023 Libro impreso